| 000 | 00326 a2200109 4500 | ||
|---|---|---|---|
| 020 | _a818504662X | ||
| 082 | _a628.168 SCA | ||
| 100 | _aScalf, Marion R. | ||
| 245 |
_aManual of Ground Water Sampling Procedures/ _cMarion R. Scalf...[et al] |
||
| 260 |
_aIndia : _bScientific Publishers, _c1987 |
||
| 300 |
_axi, 93p. : _bill. ; _c28 cm |
||
| 650 | _aground water | ||
| 999 |
_c1701 _d1701 |
||